| 000 | 01074 a2200241 4500 | ||
|---|---|---|---|
| 001 | 60663 | ||
| 005 | 20260407155858.0 | ||
| 008 | 260407a2014 arg spa d | ||
| 003 | AR-UNSa-BCEJYS | ||
| 040 |
_aAR-UNSa-BCEJYS _bspa _cAR-UNSa-BCEJYS |
||
| 080 |
_a174 _xEtica Profesional |
||
| 245 | 1 | 0 | _aÉtica y competencia |
| 020 | _a978-84-9921-496-2 | ||
| 264 | 1 |
_aBarcelona : _bEdiciones Octaedro _c2014 |
|
| 300 |
_a119 p. _c21 cm. |
||
| 505 | _a1. La filosofía y la comprensión de la realidad: ética, política y filosofía de la educación - 2. Educación y sociedad: perspectiva política de la práctica educativa – 3. Las dimensiones de la competencia del educador – 4. Ética y competencia en el contexto de las organizaciones – 5. Competencia y utopía: práctica profesional y proyecto - | ||
| 041 | _aspa | ||
| 942 | _cBK | ||
| 590 | _aniveau_biblio:m niveau_hierar:0 | ||
| 100 | 1 | _aAzerêdo Rios, Terezinha | |
| 700 | 1 | _aRomero, Bertran | |
| 856 | 4 | 1 |
_uhttps://www.biblioeco.unsa.edu.ar/pmb/images/libros/L129294.jpg _yImagen de portada _qimage/jpeg |
| 999 |
_c7099 _d7099 |
||